|
|
|
|
| LEADER |
00000cam a2200000 a 4500 |
| 001 |
vtls001116306 |
| 003 |
SK-MaSNL |
| 005 |
20260301183037.0 |
| 008 |
250313s1979 xo o f 000 0 slo |
| 015 |
|
|
|a SNBA1979
|
| 035 |
|
|
|a SNK000059149
|
| 035 |
|
|
|a urn:nbn:sk:snk-amju96
|
| 035 |
|
|
|a urn:nbn:sk:snk-am007y75
|
| 035 |
|
|
|a 022A8345-023A-4292-B3A9-E6961D3D3746
|
| 040 |
|
|
|a SNK
|b slo
|c SNK
|e AACR2
|
| 041 |
0 |
|
|a slo
|
| 043 |
|
|
|a e-xo---
|
| 044 |
|
|
|a xo
|c SK
|
| 100 |
1 |
|
|a Kúkoľ, Vojtech
|4 aut
|9 557761
|
| 245 |
1 |
0 |
|a Úsvit slobody pod Duklou
|c text: Vojtech Kúkoľ
|
| 260 |
|
|
|a Bratislava
|b Pressfoto
|c 1979
|
| 300 |
|
|
|a 6 s.
|b fotogr.
|c 30 cm
|
| 366 |
|
|
|e 3200 výt.
|
| 500 |
|
|
|a Voľné listy v prebale
|
| 648 |
|
7 |
|a od r. 1945
|2 SNKPH
|9 412590
|
| 650 |
0 |
7 |
|a druhá svetová vojna (1939-1945)
|2 SNKPH
|9 169657
|
| 650 |
0 |
7 |
|a ekonomický rozvoj
|2 SNKPH
|9 49952
|
| 655 |
|
7 |
|a fotografické publikácie
|2 SNKPH
|9 70483
|
| 852 |
|
|
|a Slovenská národná knižnica
|
| 958 |
|
|
|a BQ
|
| 958 |
|
|
|a TL
|
| 958 |
|
|
|a OND
|
| 999 |
|
|
|c 855669
|d 857599
|
| 952 |
|
|
|a SNK
|b SNK
|y PREZ
|7 0
|p 17A0971966
|o snkSB 28346
|i snkKSP 4439/79
|0 0
|1 0
|4 0
|d 2014-08-06
|f 1
|l 0
|r 2025-04-02 00:00:00
|w 2026-02-24
|